Rokovali sme s vládou

Bibliographic Details
Main Author: Vajnorský, Kamil, 1940- (Author)
Format: Article
Language:Slovak
Subjects:

MARC

LEADER 00000nab a2200000 a 4500
001 vtls000544549
003 SK-MaSNL
005 20260303012248.0
008 150430c1995 xo 0 slo
015 |a SNBRB19rr/mm-uuuuu 
035 |a CL0544687 
040 |a SNKBUCL  |b slo  |c SNKBUCL  |e AACR2 
041 0 |a slo 
044 |a xo  |c SK 
080 |a 331.881(437.6):328.1(437.6):061.3  |2 1981 
080 |a 328.1(437.6)  |2 1981 
080 |a 371.12:331.881  |2 1981 
100 1 |a Vajnorský, Kamil,  |d 1940-  |4 aut  |9 106056 
245 1 0 |a Rokovali sme s vládou  |c Kamil Vajnorský 
650 0 7 |a Konfederácia odborových zväzov Slovenskej republiky  |2 snkbucl  |9 893788 
650 0 7 |a vláda Slovenskej republiky  |2 snkbucl  |9 898250 
655 7 |a články z novín a časopisov  |2 snkbucl  |9 267496 
773 0 |t Učiteľské noviny  |g Roč. 45, č. 3 (1995), s. 2 
850 |a Slovenská národná knižnica v Martine  |a MTA001 
852 |a SNK  |b KIS3GCP 
958 |a RK 
958 |a SK 
992 |a RBX 
999 |c 1596310  |d 1598240